| 000 | 01208cam a22003014a 4500 | ||
|---|---|---|---|
| 001 | 13108917 | ||
| 003 | NUST - PNEC | ||
| 005 | 20170116181140.0 | ||
| 008 | 030303s2003 enkab b 001 0 eng | ||
| 010 | _a 2003005059 | ||
| 020 | _a0415259223 (hardback) | ||
| 020 | _a0415259231 (pbk.) | ||
| 040 |
_aDLC _cLIBRARY _dDLC |
||
| 042 | _apcc | ||
| 050 | 0 | 0 |
_aG70.212 _b.B75 2003 |
| 082 | 0 | 0 |
_a628.011 BRI _221 |
| 100 | 1 | _aBrimicombe, Allan. | |
| 245 | 1 | 0 |
_aGIS, environmental modelling and engineering / _cAllan Brimicombe. |
| 260 |
_aLondon ; _aNew York : _bTaylor & Francis, _c2003. |
||
| 300 |
_a312 p. : _bill., maps ; _c24 cm. |
||
| 504 | _aIncludes bibliographical references (p. [284]-305) and index. | ||
| 650 | 0 |
_aGeographic information systems. _xGeneral |
|
| 650 | 0 |
_aEnvironmental sciences _xMathematical models. |
|
| 650 | 0 |
_aEnvironmental engineering _xMathematical models. |
|
| 856 | 4 | 2 |
_3Publisher description _uhttp://www.loc.gov/catdir/enhancements/fy0646/2003005059-d.html |
| 942 |
_2ddc _cBK |
||
| 999 |
_c70470 _d70470 |
||